| 000 | 01357 a2200301 4500 | ||
|---|---|---|---|
| 005 | 20260624084102.0 | ||
| 020 | _a9780521672481 | ||
| 050 | 0 | 0 |
_aRC552 _bCOG 2007 |
| 245 | 0 | 0 |
_aCognitive behavioral therapy for eating disorders : _ba comprehensive treatment guide / _cGlenn Waller ... [et al.]. |
| 264 |
_aCambridge : _bCambridge University Press. _c2007. |
||
| 300 |
_axxiv, 444 pages : _billustrations ; |
||
| 336 |
_atext _btxt _2rdacontent |
||
| 337 |
_aunmediated _bn _2rdamedia |
||
| 338 |
_avolume _bnc _2rdacarrier |
||
| 504 | _aIncludes bibliographical references (p. 354-364) and index. | ||
| 650 | 0 |
_aEating disorders _xTreatment. |
|
| 650 | 0 | _aCognitive therapy. | |
| 650 | 0 | _aBehavior therapy. | |
| 650 | 1 | 2 |
_aEating Disorders _xtherapy. |
| 650 | 2 | 2 | _aCognitive Therapy. |
| 700 | 1 |
_aWaller, Glenn. _eEditor |
|
| 856 | 4 | 1 |
_3Table of contents only _uhttp://www.loc.gov/catdir/enhancements/fy0617/2006102403-t.html |
| 856 | 4 | 2 |
_3Publisher description _uhttp://www.loc.gov/catdir/enhancements/fy0617/2006102403-d.html |
| 856 | 4 | 2 |
_3Contributor biographical information _uhttp://www.loc.gov/catdir/enhancements/fy0803/2006102403-b.html |
| 942 |
_2lcc _cBK _h552 _iCOG _kRC |
||
| 999 |
_c12167 _d12167 |
||